000 00694nam a2200217 4500
003 OSt
005 20240729064437.0
006 a
008 240729b |||||||| |||| 00| 0 eng d
020 _a9780071085342
040 _aDWCL-Main lib.
_cOC
082 _2Second edition
_aCirc. 658.406 P174m 2010
100 _aPalmer, Ian
245 _aManaging organizational change : a multiple perspective approach /
260 _aBoston :
_bMcGraw-Hill,
_cc2010.
300 _axii,
_b413 p. : ill. ;
_c23 cm.
504 _aIncludes bibliographical; references & indexes.
650 _a1. Organizational change.
650 _a2. Organizational change-Management.
942 _2ddc
_n0
_cBK-CIRC
_kCirc.
999 _c2915
_d2915